000
00308nam a2200121Ia 4500
008
240624s9999 xx 000 0 und d
041
_a
eng
082
_a
005.54 FER
100
_a
FERRARI ALBERTO
245
_a
ANALYZING DATA WITH MICROSOFT POWER BI A
260
_c
2017
_a
Washington
_b
Microsoft
365
_c
RS
999
_c
29378
_d
29378